01706nam a22002297a 45000010005000000030006000050050017000110080041000280200018000690400029000870500019001160820011001351000027001462450098001732500035002712600032003063000025003384900029003635201017003926500031014096500036014409633FISKH20260127093242.0260127b cb ||||| |||| 00| 0 eng d a9781786542212 aFISKHbengcFISKHdFISKH aPZ7 .B26225 .N a813.6  aBarnes, Jennifer Lynn  aThe naturals : bTo catch a serial killer, you have to think like one /cJennifer Lynn Barnes aThis edition published in 2023 aLondon : bQuercus, c2013  a308 pages :c 20 cm  aThe natural :vBook one  aeventeen-year-old Cassie is a natural at reading people. Piecing together the tiniest details, she can tell you who you are and what you want. But, it's not a skill that she's ever taken seriously. That is, until the FBI come knocking: they've begun a classified program that uses exceptional teenagers to crack infamous cold cases, and they need Cassie. What Cassie doesn't realize is that there's more at risk than a few unsolved homicides-especially when she's sent to live with a group of teens whose gifts are as unusual as her own. Soon, it becomes clear that no one in the Naturals program is what they seem. And when a new killer strikes, danger looms close. Caught in a lethal game of cat and mouse with a killer, the Naturals are going to have to use all of their gifts just to survive. Think The Mentalist meets Pretty Little Liars — Jennifer Lynn Barnes's The Naturals is a gripping psychological thriller with killer appeal, a to-die-for romance and the bones of a gritty and compelling new series. aFBI vFictionxYoung Adult aSerial KillersvMysteryxMurder